Just-in-Time výrobná filozofia pre dobrý management

Gespeichert in:
Bibliographische Detailangaben
1. Verfasser: Gregor, Milan
Weitere Verfasser: Košturiak, Ján
Format: Buch
Sprache:Slowakisch
Veröffentlicht: Bratislava Elita 1994
Schlagworte:
Tags: Tag hinzufügen
Keine Tags, Fügen Sie das erste Tag hinzu!

MARC

LEADER 00000nam a2200000 4500
001 c005825
005 20221128073150.0
020 |a 80-85323-64-8 
041 0 |a slo 
044 |a SK 
245 1 0 |a Just-in-Time  |b výrobná filozofia pre dobrý management  |c Milan Gregor, Ján Košturiak 
264 1 |a Bratislava  |b Elita  |c 1994 
300 |a 299 s. 
610 2 0 |a výroba 
610 2 0 |a zariadenia výrobné 
610 2 0 |a inovácia 
610 2 0 |a JIT 
610 2 0 |a stratégia podniková 
610 2 0 |a USA 
610 2 0 |a konkurencia 
610 2 0 |a kvalita výrobkov 
610 2 0 |a KAIZEN 
610 2 0 |a logistika 
100 1 |a Gregor, Milan 
700 1 |a Košturiak, Ján